28_兵庫県の市町村(ひらがな対応・五十音順) - Statistics

General Stats
  • This quiz has been taken 63 times
  • The average score is 34 of 41
Answer Stats
種類 市町村名 % Correct
明石市
98%
尼崎市
98%
神戸市
98%
加古川市
95%
西宮市
95%
姫路市
95%
赤穂市
93%
芦屋市
93%
伊丹市
93%
多可町
93%
加西市
90%
三田市
90%
宝塚市
90%
丹波市
90%
相生市
88%
加東市
88%
丹波篠山市
88%
朝来市
86%
豊岡市
86%
淡路市
83%
香美町
83%
たつの市
83%
南あわじ市
83%
養父市
83%
川西市
81%
新温泉町
81%
洲本市
81%
播磨町
81%
西脇市
79%
宍粟市
76%
高砂市
76%
三木市
76%
猪名川町
74%
小野市
74%
上郡町
74%
佐用町
67%
市川町
64%
太子町
62%
稲美町
57%
福崎町
57%
神河町
50%
No matching quizzes found
Score Distribution
Percent of People with Each Score
Percentile by Number Answered
Your Score History
You have not taken this quiz